| 000 | 00392 a2200145 4500 | ||
|---|---|---|---|
| 999 |
_c5124 _d5124 |
||
| 020 | _a0521529042 | ||
| 050 | _aPE1128COX2003 | ||
| 100 | _aCox, Marian | ||
| 245 |
_aIGCSE first language english _bworkbook / _cMarian Cox |
||
| 264 |
_aCambridge _bCambridge University Press _c2003 |
||
| 300 | _a137p. | ||
| 500 | _aIncludes index | ||
| 650 | _aEnglish Language | ||
| 942 |
_2lcc _cBK _h1128 _iCOX _kPE |
||